000
00287nam a2200133 a 4500
008
190522s |||| d
245
1
0
_a
Pochopení zázraku života
958
_a
AUL
100
1
_a
Uspenskij Peter
250
_a
1.vydanie
020
_c
0
041
_a
cze
044
_a
CZ
999
_c
20725
_d
20725